Mots qui contiennent un double Z (click quiz) - Statistiques

Statistiques générales
  • Ce quiz a été pris 60 fois
  • Le résultat moyen est 6 sur 8
Statistiques - réponses
Hint Réponse % Correct
Buzzz 2
93%
Bonzzze 1
91%
Jacuzzzi 2
89%
Mezzzanine 2
79%
Lazzzare 1
77%
Razzzia 2
68%
Blizzzard 2
63%
Paparazzzi 1
20%
Aucun quiz correspondant
Distribution des résultats
% des personnes avec chaque résultat
Percentile par nombre de réponses
Votre historique - résultats
Vous n’avez pas pris ce quiz